[Event "BRA-ch Amateur U2200"]
[Site "Sao Paulo"]
[Date "2017.10.12"]
[Round "2"]
[White "Sano, Rafael Angelo Nobuy"]
[Black "De Sousa, Matheus Mazim"]
[Result "1/2-1/2"]
[WhiteElo "1884"]
[BlackElo "2120"]
[PlyCount "57"]
[EventDate "2017.10.12"]
[EventType "swiss"]
[EventRounds "7"]
[EventCountry "BRA"]
[SourceTitle "EXT 2019"]
[Source "ChessBase"]
[SourceDate "2018.10.10"]
[SourceVersion "1"]
[SourceVersionDate "2018.10.10"]
[SourceQuality "1"]

1. e4 c5 2. Nf3 Nc6 3. d4 cxd4 4. Nxd4 g6 5. Nc3 Bg7 6. Be3 Nf6 7. f3 0-0 8. Nb3 d6 9. Qd2 Be6 10. 0-0-0 Na5 11. Kb1 Nc4 12. Bxc4 Bxc4 13. Bh6 b5 14. h4 Rc8 15. h5 Qc7 16. Bxg7 Kxg7 17. hxg6 fxg6 18. Nd5 Bxd5 19. exd5 Kg8 20. Nd4 Qc4 21. Ne6 Rf7 22. b3 Qc3 23. Qe2 Kh8 24. Rhe1 a5 25. Rd3 Qb4 26. Rd4 Qc3 27. Rd3 Qb4 28. Rd4 Qc3 29. Rd3 1/2-1/2

[Event "Sao Paulo Cordioli Memorial"]
[Site "Sao Paulo"]
[Date "2015.09.07"]
[Round "6"]
[White "Lima, Vinicius Taishun"]
[Black "Sano, Rafael Angelo Nobuy"]
[Result "0-1"]
[WhiteElo "1676"]
[BlackElo "1841"]
[PlyCount "96"]
[EventDate "2015.09.05"]
[EventType "swiss"]
[EventRounds "6"]
[EventCountry "BRA"]
[SourceTitle "EXT 2024"]
[Source "ChessBase"]
[SourceDate "2023.10.10"]
[SourceVersion "1"]
[SourceVersionDate "2023.10.10"]
[SourceQuality "1"]

1. e4 c6 2. d4 d5 3. e5 c5 4. Nc3 cxd4 5. Qxd4 e6 6. Nf3 Nd7 7. Bd3 Ne7 8. Bg5 a6 9. 0-0 Qc7 10. Bxe7 Bxe7 11. Rfe1 0-0 12. h4 b5 13. Qg4 f5 14. exf6 Nxf6 15. Qd4 Bc5 16. Qe5 Bd6 17. Qd4 Bc5 18. Qe5 Qa7 19. Nd1 Ng4 20. Qg3 e5 21. Nxe5 Bd6 22. Nc6 Qc7 23. Bxh7+ Kxh7 24. Qd3+ Kh8 25. Nd4 Bc5 26. f3 Nh6 27. Nf2 Qd8 28. Qc3 Qb6 29. Rad1 Nf5 30. Nxf5 Bxf2+ 31. Kf1 Bxf5 32. Re7 d4 33. Qd2 Be3 34. Qe1 Qf6 35. Rxe3 dxe3 36. Qxe3 Bxc2 37. Rd2 Bb1 38. Qb3 Qxh4 39. Re2 Rad8 40. Kg1 Bxa2 41. Qc2 Bc4 42. g3 Qxg3+ 43. Rg2 Qe1+ 44. Kh2 Rf6 45. Rg6 Rd2+ 46. Qxd2 Qxd2+ 47. Kg1 Rxg6+ 48. Kh1 Qg2# 0-1

[Event "Sao Paulo Cordioli Memorial"]
[Site "Sao Paulo"]
[Date "2015.09.05"]
[Round "2"]
[White "Sano, Rafael Angelo Nobuy"]
[Black "Primo E Silva, Beatriz"]
[Result "1-0"]
[WhiteElo "1841"]
[BlackElo "1427"]
[PlyCount "75"]
[EventDate "2015.09.05"]
[EventType "swiss"]
[EventRounds "6"]
[EventCountry "BRA"]
[SourceTitle "EXT 2024"]
[Source "ChessBase"]
[SourceDate "2023.10.10"]
[SourceVersion "1"]
[SourceVersionDate "2023.10.10"]
[SourceQuality "1"]

1. e4 c5 2. Nf3 Nc6 3. d4 cxd4 4. Nxd4 g6 5. Nc3 Bg7 6. Be3 Nf6 7. Nb3 0-0 8. f3 d6 9. Qd2 Bd7 10. 0-0-0 Qc7 11. g4 Ne5 12. Nd4 a6 13. Bh6 Rac8 14. h4 Bxh6 15. Qxh6 Nxf3 16. Nxf3 Nxe4 17. Ng5 Nf6 18. Rg1 Qc5 19. Bd3 Qe3+ 20. Kb1 Rxc3 21. bxc3 Qb6+ 22. Kc1 Qe3+ 23. Kb1 Qb6+ 24. Ka1 Qa5 25. Rb1 Qxc3+ 26. Rb2 Qd4 27. Rf1 Qc3 28. Kb1 b5 29. Rb3 Qe5 30. Rxf6 Qe1+ 31. Kb2 Qe5+ 32. c3 Qh2+ 33. Kb1 Qh1+ 34. Rf1 Qxh4 35. Qxh4 h6 36. Qxh6 Rc8 37. Qh7+ Kf8 38. Qh8# 1-0